| 000 | 00415nam a2200097Ia 4500 | ||
|---|---|---|---|
| 008 | 180130s9999 xx 000 0 und d | ||
| 245 |
_cSiewiorek, Anna; Saarinen, Eeli; Lainemab, Timo; Lehtinen, Erno _aLearning leadership skills in a simulated business data communication |
||
| 260 | _c2015 | ||
| 300 | _aBook title: Elements of data communication--Acession number C20540; pages 259-292 | ||
| 650 | _aDATA COMMUNICATION | ||
| 999 |
_c353865 _d353865 |
||